Manometric methods as applied to the measurement of cell respiration and other processes (Record no. 20873)

MARC details
000 -LEADER
fixed length control field 00491nam a2200169Ia 4500
082 ## - DEWEY DECIMAL CLASSIFICATION NUMBER
Classification number 581.12
Item number DIX
100 ## - MAIN ENTRY--AUTHOR NAME
Personal name DIXON, Malcom
245 #0 - TITLE STATEMENT
Title Manometric methods as applied to the measurement of cell respiration and other processes
250 ## - EDITION STATEMENT
Edition statement Ed.3
260 ## - PUBLICATION, DISTRIBUTION, ETC. (IMPRINT)
Place of publication Cambridge
Name of publisher Cambridge University Press
Year of publication 1952
650 ## - SUBJECT ADDED ENTRY--TOPICAL TERM
Topical Term Cell respiration
650 ## - SUBJECT ADDED ENTRY--TOPICAL TERM
Topical Term Manometer
650 ## - SUBJECT ADDED ENTRY--TOPICAL TERM
Topical Term Manometric method
650 ## - SUBJECT ADDED ENTRY--TOPICAL TERM
Topical Term Physiology
942 ## - ADDED ENTRY ELEMENTS (KOHA)
Koha item type Books
Holdings
Withdrawn status Lost status Damaged status Not for loan Home library Current library Date acquired Full call number Accession Number Koha item type
        RRII Library RRII Library 16/12/2021 581.12 DIX 01595 Books